[Event "FSIMA November"]
[Site "Budapest HUN"]
[Date "2008.11.07"]
[Round "7"]
[White "Werner,Di"]
[Black "Naslund,M"]
[Result "0-1"]
[WhiteElo "2328"]
[BlackElo "2243"]

1.Nf3 Nf6 2.c4 b6 3.d4 e6 4.a3 Ba6 5.Qc2 c5 6.dxc5 Bxc5 7.e3 O-O 8.Nbd2 d5
9.b4 Be7 10.Bb2 Nbd7 11.Rc1 Rc8 12.Qa4 Bb7 13.Qxa7 Rc7 14.Qa4 Qb8 15.Be2 dxc4
16.O-O Bd5 17.Nd4 Ra7 18.Qd1 b5 19.Nb1 Rc8 20.Nc3 Rb7 21.f4 Ne4 22.Bf3 Nxc3
23.Bxc3 Nf6 24.Qc2 Rd7 25.a4 bxa4 26.Qxa4 Ra7 27.Qc2 Bxb4 28.Rb1 Rb7 29.Rxb4 Rxb4
30.e4 Ba8 31.g4 Rb3 32.e5 Nd5 33.Bxd5 Bxd5 34.Nxb3 cxb3 35.Qd2 Qb5 36.Rf2 Ba8
37.Qd6 Qb7 38.Kf1 h6  0-1

[Event "FSIMA November"]
[Site "Budapest HUN"]
[Date "2008.11.10"]
[Round "10"]
[White "Werner,Di"]
[Black "Horvath,And"]
[Result "1/2-1/2"]
[WhiteElo "2328"]
[BlackElo "2251"]

1.d4 Nf6 2.c4 e6 3.Nf3 b6 4.a3 Bb7 5.Nc3 d5 6.cxd5 Nxd5 7.Qc2 Nxc3 8.bxc3 Be7
9.e4 O-O 10.Bd3 c5 11.O-O cxd4 12.cxd4 Qc8 13.Qe2 Ba6 14.Rd1 Bxd3 15.Rxd3 Nd7
16.e5 Qc4 17.Bg5 Bxg5 18.Nxg5 h6 19.Ne4 f6 20.Rad1 fxe5 21.Nd6 Qd5 22.dxe5 Qxe5
23.Re3 Qg5 24.Rxe6 Nc5 25.Re5 Qg6 26.h4 Rad8 27.h5 Qf6 28.Qa2+ Kh7 29.Qc2+ Kg8
30.Qa2+ Kh7 31.Qc2+ Kg8  1/2-1/2

[Event "Open"]
[Site "Kaikoura NZL"]
[Date "2008.11.12"]
[Round "9"]
[White "Davis,J"]
[Black "Thornton,G"]
[Result "1-0"]
[WhiteElo "1895"]
[BlackElo "2140"]

1.d4 Nf6 2.Nf3 e6 3.c4 b6 4.a3 Ba6 5.Qc2 Bb7 6.Nc3 c5 7.d5 exd5 8.cxd5 Nxd5
9.Qe4+ Qe7 10.Ne5 Nb4 11.Qxb7 Nc2+ 12.Kd1 Nxa1 13.Nd5 Qd8 14.Nc7+ Ke7 15.Nxa8 f6
16.Nc7 Nc6 17.Nd5+ Ke6 18.Nxc6 dxc6 19.Qxc6+ Kf7 20.Qc7+ Qxc7 21.Nxc7 Be7
22.e4 Rd8+ 23.Nd5 Nb3 24.Bc4 Na5 25.Ba2 c4 26.Bd2 Nb3 27.Bxb3 cxb3 28.Nxe7  1-0

[Event "38th Olympiad"]
[Site "Dresden GER"]
[Date "2008.11.13"]
[Round "1"]
[White "Izoria,Z"]
[Black "Sammalvuo,T"]
[Result "1-0"]
[WhiteElo "2610"]
[BlackElo "2464"]

1.Nf3 Nf6 2.c4 e6 3.d4 b6 4.a3 Ba6 5.Qb3 d5 6.cxd5 Qxd5 7.Qxd5 exd5 8.Nc3 Nbd7
9.Bf4 Rc8 10.e3 Bxf1 11.Rxf1 a6 12.Ke2 Be7 13.Rac1 h6 14.Rc2 c5 15.dxc5 Rxc5
16.Rfc1 O-O 17.Ne5 Rfc8 18.Nxd7 Nxd7 19.b4 Rc4 20.Kd1 Bh4 21.g3 d4 22.Nd5 Rxc2
23.Rxc2 Rxc2 24.Kxc2 Bf6 25.e4 d3+ 26.Kxd3 Bb2 27.a4 a5 28.bxa5 bxa5 29.Kc4 g5
30.Bc7 g4 31.Bxa5 Ne5+ 32.Kb5 Ng6  1-0

[Event "38th Olympiad"]
[Site "Dresden GER"]
[Date "2008.11.14"]
[Round "2"]
[White "Samhouri,A"]
[Black "Baumegger,S"]
[Result "1-0"]
[WhiteElo "2378"]
[BlackElo "2445"]

1.d4 Nf6 2.Nf3 e6 3.c4 b6 4.a3 Ba6 5.Qc2 Bb7 6.Nc3 c5 7.e4 cxd4 8.Nxd4 d6
9.Be2 Be7 10.O-O O-O 11.Rd1 Nbd7 12.Bg5 a6 13.Nf3 Qc7 14.Rac1 Rac8 15.b4 Qb8
16.Qd3 Qa8 17.Qe3 h6 18.Bh4 Rfe8 19.Bg3 Ng4 20.Qd4 Red8 21.h3 Ngf6 22.Bxd6 e5
23.Bxe5 Nxe5 24.Qxe5 Re8 25.Qd4 Nxe4 26.Nxe4 Bxe4 27.Qxb6 Rc6 28.Qd4 Rg6
29.Kh2 Bd6+ 30.Kh1 Bf4 31.Rc3 Rd6 32.Qxd6 Bxd6 33.Rxd6 Bb7 34.Rcd3 Qa7 35.Rd8 Rxd8
36.Rxd8+ Kh7 37.Bd3+ g6 38.Rd7 Qb8 39.Rxf7+ Kg8 40.Bxg6 Be4 41.Bh5 Qd6 42.c5 Qd3
43.Re7 Bd5 44.Rd7 Qc4 45.Kh2 Qe4 46.Rd6 Bb7 47.g3 Kg7 48.Rd7+ Kh8 49.Rd4 Qc6
50.Rd6 Qe4 51.Rxh6+ Kg7 52.Rg6+ Kh8 53.Rf6 Kg8 54.Bg4 Qd3 55.Be6+ Kg7 56.Rf7+ Kh6
57.Rxb7 Qxf3 58.Rf7 Qxa3 59.c6  1-0

[Event "38th Olympiad"]
[Site "Dresden GER"]
[Date "2008.11.16"]
[Round "4"]
[White "Lenic,L"]
[Black "Dive,RJ"]
[Result "1-0"]
[WhiteElo "2569"]
[BlackElo "2357"]

1.d4 Nf6 2.Nf3 e6 3.c4 b6 4.a3 Bb7 5.Nc3 d5 6.cxd5 Nxd5 7.Qc2 Nxc3 8.bxc3 Be7
9.e4 O-O 10.Bd3 c5 11.Qe2 Nc6 12.Bb2 a6 13.h4 b5 14.Kf1 b4 15.axb4 cxd4 16.Nxd4 Nxd4
17.cxd4 Qb6 18.Rh3 Bxb4 19.Rg3 a5 20.Rd1 Rfc8 21.Kg1 Bc3 22.Rb1 Ba6 23.Bxa6 Rxa6
24.Rc1  1-0

[Event "9th Open"]
[Site "Liberec CZE"]
[Date "2008.11.21"]
[Round "8"]
[White "Kopasov,E"]
[Black "Zombirt,F"]
[Result "1-0"]
[WhiteElo "2046"]
[BlackElo "1897"]

1.d4 Nf6 2.c4 e6 3.Nf3 b6 4.a3 Be7 5.Nc3 Bb7 6.d5 O-O 7.e4 d6 8.Bd3 Nbd7
9.b4 a5 10.Rb1 c6 11.dxe6 fxe6 12.Ng5 Nd5 13.Nxe6 Nxc3 14.Qg4  1-0

[Event "21st Belgrade Trophy"]
[Site "Obrenovac SRB"]
[Date "2008.11.28"]
[Round "2"]
[White "Dzunic,V"]
[Black "Kahrovic,M"]
[Result "0-1"]
[WhiteElo "2052"]
[BlackElo "2259"]

1.d4 Nf6 2.c4 e6 3.Nf3 b6 4.a3 Bb7 5.Nc3 Be7 6.d5 O-O 7.g3 d6 8.Bg2 e5 9.O-O Nbd7
10.e4 Re8 11.Ne1 c6 12.Nd3 cxd5 13.cxd5 Ba6 14.Re1 Nc5 15.Nb4 Bb7 16.Bf1 a6
17.Nc6 Bxc6 18.dxc6 Qc8 19.Bg5 Qxc6 20.Bxf6 Bxf6 21.Nd5 Bd8 22.b4 Ne6 23.Rc1 Qd7
24.Qg4 b5 25.Rc7 f5 26.Rxd7 fxg4 27.Rxd6 Ng5 28.Bg2 a5 29.Rd1 axb4 30.axb4 Ne6
31.f4 exf4  0-1

[Event "British Rapid"]
[Site "Halifax ENG"]
[Date "2008.11.29"]
[Round "3"]
[White "Radovanovic,J"]
[Black "Hunt,H"]
[Result "1/2-1/2"]
[WhiteElo "2345"]
[BlackElo "2462"]

1.Nf3 Nf6 2.d4 e6 3.c4 b6 4.a3 Ba6 5.Qc2 Bb7 6.Nc3 c5 7.dxc5 bxc5 8.Bg5 Be7
9.e3 d6 10.Be2 Nbd7 11.O-O O-O 12.Rfd1 Qb6 13.Rab1 h6 14.Bh4 a5 15.Ne1 Ne5
16.Bg3 Qc6 17.Qa4 Qb6 18.Qc2 Rfd8 19.Bxe5 dxe5 20.Bf3 Rab8 21.Bxb7 Qxb7 22.Rxd8+ Rxd8
23.Nf3 Nd7 24.Rd1 f5 25.e4 f4 26.h4 Nb6 27.Rxd8+ Bxd8 28.Nb5 Bf6 29.a4 Qd7
30.b3 Nc8 31.h5 Ne7 32.Qd2 Qxd2 33.Nxd2 Nc6 34.Nf3 Kf8 35.Kf1 Ke7 36.Ke2 Kd7
37.Kd3 Nb4+ 38.Ke2 Nc6 39.Ne1 Nb4 40.Nd3 Kc6 41.g3 fxg3 42.fxg3 Nc2 43.Ne1 Nb4
44.Nc3 Kd7 45.Nd1 Nc6 46.Nf3 Kd6 47.Nf2 Nd4+ 48.Nxd4 exd4 49.Nd3 Be5 50.Kf3 Bf6
51.Kf4 Bg5+ 52.Kf3 Bd2 53.e5+ Kc6 54.Ke4 Bg5 55.Ne1 Bd2 56.Nf3 Bc1 57.Nh4 Bd2
58.Ng6 Be1 59.g4 Kd7 60.Nf4 Bd2 61.Nd3 Kc6 62.Nb2  1/2-1/2

[Event "British Rapid"]
[Site "Halifax ENG"]
[Date "2008.11.29"]
[Round "5"]
[White "Hague,B"]
[Black "Hunt,H"]
[Result "0-1"]
[WhiteElo "2281"]
[BlackElo "2462"]

1.d4 Nf6 2.Nf3 e6 3.c4 b6 4.a3 Ba6 5.Qb3 d5 6.cxd5 exd5 7.Bg5 Be7 8.Nc3 c6
9.Bxf6 Bxf6 10.e4 Bxf1 11.Kxf1 dxe4 12.Nxe4 O-O 13.Nxf6+ Qxf6 14.h4 Nd7 15.h5 h6
16.Rh4 Rae8 17.g3 Qe6 18.Qd3 Nf6 19.Rc1 Qd5 20.Qc3 Re6 21.Ne5 c5 22.Qf3 Rxe5
23.Qxd5 Rxd5 24.dxc5 bxc5 25.Ra4 Rb8 26.Rc2 Rb7 27.Ra5 Rxh5 28.g4 Rd5 29.f3 Kh7
30.Kf2 Kg6 31.Kg3 h5 32.gxh5+ Nxh5+ 33.Kg4 f5+ 34.Kh3 Nf4+ 35.Kg3 Kg5 36.Ra4 Ne6
37.Ra6 f4+ 38.Kh3 Kf5 39.Re2 Re5 40.Rg2 Ng5+ 41.Kh4 Nxf3+ 42.Kh5 Ke4+ 43.Kg4 Rg5+
44.Kh3 Rxg2  0-1

[Event "British Rapid"]
[Site "Halifax ENG"]
[Date "2008.11.30"]
[Round "9"]
[White "Hague,B"]
[Black "Eggleston,D"]
[Result "0-1"]
[WhiteElo "2281"]
[BlackElo "2368"]

1.d4 Nf6 2.Nf3 e6 3.c4 b6 4.a3 g6 5.Nc3 Bb7 6.Bg5 Bg7 7.e4 h6 8.Bxf6 Qxf6
9.e5 Qe7 10.h4 d6 11.h5 g5 12.exd6 cxd6 13.Be2 Nd7 14.Qd2 g4 15.Nh2 f5 16.O-O-O Bxg2
17.Rhg1 Bb7 18.f3 Bf6 19.Kb1 Bg5 20.Qd3 gxf3 21.Nxf3 O-O-O 22.d5 Nc5 23.Qc2 Rhf8
24.b4 Ne4 25.Nxe4 fxe4 26.Nxg5 hxg5 27.Qxe4 e5 28.Qg4+ Kb8 29.Qxg5 Qc7 30.h6 Rf2
31.Bd3 b5 32.h7 bxc4 33.Qxd8+ Qxd8 34.Rg8 Rf8 35.Rdg1 Bxd5  0-1

[Event "Open"]
[Site "Figueira da Foz POR"]
[Date "2008.12.02"]
[Round "4"]
[White "Ravi,L"]
[Black "Romanishin,O"]
[Result "1/2-1/2"]
[WhiteElo "2371"]
[BlackElo "2532"]

1.d4 Nf6 2.Nf3 e6 3.c4 b6 4.a3 Ba6 5.Nbd2 d5 6.cxd5 exd5 7.Ne5 Be7 8.g3 O-O
9.Bg2 c5 10.O-O Qe8 11.Re1 cxd4 12.Ndf3 Bd6 13.Qxd4 Nc6 14.Nxc6 Qxc6 15.Bf4 Bc5
16.Qd1 Ne4 17.e3 Bb7 18.b4 Bd6 19.Nd4 Qd7 20.Bxd6 Qxd6 21.Rc1 a5 22.Nb5 Qf6
23.Bxe4 dxe4 24.Qd6 Qxd6 25.Nxd6 Bd5 26.Red1 Bb3 27.Rd4 axb4 28.Rxb4 Rfd8
29.Nb7 Rdb8 30.Nd6 Rd8 31.Nxe4 Rxa3 32.Nd6 Be6 33.Rxb6 Rd3 34.Ne4 Bh3 35.Rbb1 h6
36.Nc5 Ra3 37.Ra1 Rxa1 38.Rxa1 g5 39.Nb3 Rb8 40.Nd4 Rb2 41.f3 h5 42.Rc1 Rg2+
43.Kh1 Rd2 44.Rg1 f6 45.g4 hxg4 46.fxg4 Rf2 47.Rg3 Rf1+ 48.Rg1 Rf2 49.Rg3 Rf1+
50.Rg1  1/2-1/2

[Event "Mediterranean Open"]
[Site "Rijeka CRO"]
[Date "2008.12.03"]
[Round "6"]
[White "Jovanic,O"]
[Black "Sachdev,T"]
[Result "1-0"]
[WhiteElo "2515"]
[BlackElo "2425"]

1.d4 Nf6 2.c4 e6 3.Nf3 b6 4.a3 Bb7 5.Nc3 d5 6.Bg5 Be7 7.Qa4+ Nbd7 8.Bxf6 Bxf6
9.cxd5 exd5 10.g3 O-O 11.Bh3 Nb8 12.O-O c5 13.Rad1 Na6 14.Rd2 Qe7 15.Rfd1 Rfd8
16.Bg2 g6 17.e3 Nc7 18.dxc5 Qxc5 19.Nd4 a6 20.Qb3 b5 21.Nde2 Rac8 22.Nf4 Bxc3
23.bxc3 Re8 24.h4 h5 25.Qb4 Qb6 26.Rd3 Qf6 27.Qa5 Re7 28.Rd4 Kg7 29.R4d3 Kh7
30.Bf3 Ne6 31.Bxd5 Nxf4 32.exf4 Bxd5 33.Rxd5 Qxc3 34.Qxa6 Re1+ 35.Kg2 Rxd1
36.Rxd1 Qc4 37.Kg1 Rc6 38.Qa7 Rc7 39.Qb8 Re7 40.Qd8 Qe2 41.Rf1 Ra7 42.Qd5 Qc4
43.Qf3 Qc5 44.Qb3 Qxa3 45.Qxb5 Qf3 46.Qc5 Rd7 47.Qc2 Re7 48.Qa2 Qe2 49.Qb1 Qe4
50.Qa1 Rd7 51.Rd1 Rxd1+ 52.Qxd1 f5 53.Qd7+ Kh6 54.Qd2 Qb1+ 55.Kg2 Qb7+ 56.Kh2 Qf3
57.Qe3 Qb7 58.Qd4 Kh7 59.Kg1 Qb1+ 60.Kg2 Qb7+ 61.Kf1 Qb1+ 62.Ke2 Qc2+ 63.Kf3 Qc6+
64.Ke3 Qc1+ 65.Qd2 Qxd2+ 66.Kxd2 Kg7 67.Kc3 Kf6 68.Kb4 Ke6 69.Kc4 Kd6 70.Kd4 Ke6
71.Kc5 Ke7 72.Kc6 Ke6 73.Kc7 Kd5 74.Kd7 Ke4 75.Ke6 Kf3 76.Kf6 Kxf2 77.Kxg6 Kxg3
78.Kg5  1-0

[Event "III Open"]
[Site "Palma de Mallorca ESP"]
[Date "2008.12.08"]
[Round "3"]
[White "Arutinian,D"]
[Black "Diez Fraile,M"]
[Result "1-0"]
[WhiteElo "2584"]
[BlackElo "2131"]

1.d4 Nf6 2.c4 e6 3.Nf3 b6 4.a3 Bb7 5.Nc3 d5 6.cxd5 Nxd5 7.e3 g6 8.Bb5+ c6
9.Bd3 Bg7 10.O-O O-O 11.Na4 Nd7 12.e4 Nc7 13.Bf4 e5 14.dxe5 Ne6 15.Bg3 Re8
16.Bc4 b5 17.Bxe6 Rxe6 18.Nc3 Nxe5 19.Nxe5 Bxe5 20.Bxe5 Rxe5 21.Qxd8+ Rxd8
22.Rfd1 Ree8 23.f3 Bc8 24.Kf2 Be6 25.Ke3 Kf8 26.b4 Bc4 27.Rxd8 Rxd8 28.Rd1 Rxd1
29.Nxd1 Bf1 30.g3 Ke7 31.Nc3 Kd6 32.Kd4 f6 33.f4 Bg2 34.Nb1 c5+ 35.bxc5+ Kc6
36.Nd2 f5 37.exf5 gxf5 38.Nb3 Kb7 39.Kc3 Bc6 40.Na5+ Kc7 41.Kd4  1-0

[Event "XXI Carlos Torre"]
[Site "Merida MEX"]
[Date "2008.12.16"]
[Round "5"]
[White "Almeida Quintana,O"]
[Black "Garcia,Gild"]
[Result "1/2-1/2"]
[WhiteElo "2519"]
[BlackElo "2410"]

1.d4 Nf6 2.Nf3 e6 3.c4 b6 4.a3 Ba6 5.e3 b5 6.b3 Be7 7.Bd3 c5 8.O-O O-O 9.Bb2 bxc4
10.bxc4 Qc7  1/2-1/2

[Event "8th Amplico AIG Life Rapid"]
[Site "Warsaw POL"]
[Date "2008.12.20"]
[Round "4"]
[White "Daskevics,Va"]
[Black "Zhigalko,A"]
[Result "0-1"]
[WhiteElo "2326"]
[BlackElo "2568"]

1.d4 Nf6 2.c4 e6 3.Nf3 b6 4.a3 Bb7 5.Nc3 d5 6.cxd5 Nxd5 7.Qc2 Nxc3 8.bxc3 Be7
9.e4 O-O 10.Bd3 c5 11.O-O Qc7 12.Qe2 Nd7 13.e5 Rfd8 14.Ng5 Nf8 15.Nf3 Rac8
16.Be3 Ng6 17.Nd2 Nh4 18.g4 Bg2 19.Rfd1 Qc6 20.f4 cxd4 21.cxd4 Bf3 22.Nxf3 Nxf3+
23.Kf1 Nxd4 24.Qg2 Nc2 25.Bxc2 Qxc2 26.Qxc2 Rxc2 27.Rxd8+  0-1

[Event "8th Amplico AIG Life Rapid"]
[Site "Warsaw POL"]
[Date "2008.12.21"]
[Round "11"]
[White "Jaracz,P"]
[Black "Pazderski,Z"]
[Result "1-0"]
[WhiteElo "2513"]
[BlackElo "2209"]

1.d4 Nf6 2.Nf3 e6 3.c4 b6 4.a3 Bb7 5.Nc3 Be7 6.Qc2 d5 7.cxd5 Nxd5 8.Nxd5 exd5
9.Bf4 c6 10.e3 O-O 11.Bd3 h6 12.g4 c5 13.h4 Nc6 14.g5 h5 15.dxc5 bxc5 16.O-O-O Qb6
17.g6 f6 18.Bf5 Na5 19.Qe2 Ba6 20.Bd3 c4 21.Nd4 cxd3 22.Qxh5 Rfc8+ 23.Kb1 Bxa3
24.Qxd5+ Kh8 25.Qh5+ Kg8 26.Qh7+ Kf8 27.Qh8+ Ke7 28.Qxg7+ Kd8 29.Qg8+ Kd7
30.Qd5+ Bd6 31.Qe6+ Kd8 32.Bxd6 Qb7 33.Qxf6+ Kd7 34.Qe7+  1-0

[Event "17th Donau Open"]
[Site "Aschach AUT"]
[Date "2008.12.27"]
[Round "3"]
[White "Testor,S"]
[Black "Schreiner,Pe"]
[Result "1-0"]
[WhiteElo "2271"]
[BlackElo "2143"]

1.d4 Nf6 2.c4 e6 3.Nf3 b6 4.a3 Bb7 5.Nc3 d5 6.cxd5 Nxd5 7.e3 Nxc3 8.bxc3 Be7
9.Bb5+ c6 10.Bd3 O-O 11.O-O c5 12.Qe2 cxd4 13.cxd4 Nc6 14.Bb2 Rc8 15.Rad1 Na5
16.Ne5 f5 17.f3 Bf6 18.Bb5 Rc7 19.Rc1 Bxe5 20.dxe5 Nb3 21.Rcd1 Qc8 22.Rf2 Rd8
23.Rd6 Nc5 24.Qd1 Rxd6 25.exd6 Rf7 26.Rd2 Bc6 27.Bc4 Qd7 28.Be5 Bb5 29.Ba2 Ba4
30.Qe1 Bb3 31.Bb1 Rf8 32.Qh4 Rc8 33.Qb4 Qa4 34.Ba2 Rd8 35.d7 Bd5 36.Qxa4 Nxa4
37.e4 fxe4 38.fxe4 Bxa2 39.Bc7 Rxd7 40.Rxd7 Nc5 41.Re7 Kf8 42.Bd6 Nxe4 43.Rxe6+ Nxd6
44.Rxd6 Ke7 45.Rd4 b5 46.Kf2 a5 47.Ke3 Be6 48.Ke4 Kf6 49.Kf4 g6 50.Ke4 g5
51.Rd6 b4 52.a4 b3 53.Kd3 Ke5  1-0

[Event "17th Donau Open"]
[Site "Aschach AUT"]
[Date "2008.12.28"]
[Round "4"]
[White "Knoll,H"]
[Black "Binder,Mi"]
[Result "1-0"]
[WhiteElo "2371"]
[BlackElo "2181"]

1.d4 Nf6 2.Nf3 e6 3.c4 b6 4.a3 Ba6 5.Qc2 Bb7 6.Nc3 c5 7.e4 cxd4 8.Nxd4 Bc5
9.Nb3 Nc6 10.Bg5 h6 11.Bh4 Nd4 12.Nxd4 Bxd4 13.Bd3 Qb8 14.Bg3 Be5 15.O-O-O O-O
16.Kb1 Rc8 17.Qe2 a6 18.Na4 Rc6 19.Nc3 d6 20.Bxe5 dxe5 21.f3 Ne8 22.g4 Nd6
23.g5 g6 24.Rc1 Qc7 25.h4 h5 26.Na2 Rc8 27.b3 a5 28.a4 Ba6 29.Qb2 Nb7 30.Rhd1 Nc5
31.Be2 Rd8 32.Rxd8+ Qxd8 33.Rd1 Rd6 34.Rxd6 Qxd6 35.Nc1 f6 36.gxf6 Kf7 37.Qc3 Kxf6
38.Qe3 Bb7 39.Qh6 Nxe4 40.Qh8+ Kf7 41.Qh7+ Kf6 42.Qxb7 Nc3+ 43.Kc2  1-0

[Event "Masters"]
[Site "Hastings ENG"]
[Date "2008.12.29"]
[Round "2"]
[White "Young,C"]
[Black "Quinn,Jos"]
[Result "1/2-1/2"]
[WhiteElo "2072"]
[BlackElo "1846"]

1.d4 Nf6 2.c4 e6 3.Nf3 b6 4.a3 Bb7 5.Nc3 Be7 6.Bf4 O-O 7.e3 a6 8.Bd3 d5 9.h3 h6
10.Rc1 Bd6 11.Ne5 dxc4 12.Bxc4 Nfd7 13.O-O Nxe5 14.dxe5 Be7 15.Qc2 Bg5 16.Rfd1 Qe7
17.Bd3 Bxf4 18.exf4 Nd7 19.Bh7+ Kh8 20.Be4 Nc5 21.Bxb7 Nxb7 22.Ne4 Rac8 23.Qc6 Nd8
24.Qa4 a5 25.g3 Nb7 26.Rd7 Qe8 27.Qd1 Nd6 28.Nxd6 Qxd7 29.Nxc8 Qxd1+ 30.Rxd1 Rxc8
31.b4 axb4 32.axb4 Kg8 33.Kg2 Kf8 34.Kf3 Ra8 35.Rc1 Ra4 36.Rxc7 Rxb4 37.Rc8+ Ke7
38.Rg8 g6 39.Rh8 h5 40.g4 Rb3+ 41.Kg2 hxg4 42.hxg4 Rb4 43.Kg3 b5  1/2-1/2

[Event "17th Donau Open"]
[Site "Aschach AUT"]
[Date "2008.12.31"]
[Round "7"]
[White "Testor,S"]
[Black "Sadilek,P"]
[Result "1/2-1/2"]
[WhiteElo "2271"]
[BlackElo "2183"]

1.d4 Nf6 2.c4 e6 3.Nf3 b6 4.a3 c5 5.d5 Ba6 6.Qc2 exd5 7.cxd5 g6 8.Nc3 Bg7
9.g3 O-O 10.Bg2 d6 11.O-O b5 12.b4 Nbd7 13.Bf4 Qb6 14.bxc5 Nxc5 15.Rab1 Rac8
16.Nd4 Na4 17.Nc6 Nxc3 18.Qxc3 Nxd5 19.Qf3 Qxc6 20.Qxd5 Qxd5 21.Bxd5 Be5
22.Bh6 Rfe8 23.Rb3 Rc3 24.Rxc3 Bxc3 25.Rc1 Rc8 26.Rc2 Rc5 27.Bb3 Bb7 28.Be3 Be4
29.Bxc5 Bxc2 30.Bxc2 dxc5 31.a4 bxa4 32.Bxa4 Kf8 33.Kf1 Ke7 34.e3 Kd6 35.Bb3 f6
36.Ke2 Kc6 37.Bc4 Kb6 38.Kd3 Be1 39.Ke2 Bb4 40.Kd3 a5 41.Bg8 h6 42.Bf7 g5
43.Be8 Kc7  1/2-1/2

[Event "38th Rilton Cup 2008-9"]
[Site "Stockholm SWE"]
[Date "2009.01.05"]
[Round "9"]
[White "Bogner,S"]
[Black "Ivanov,Sergey1"]
[Result "1-0"]
[WhiteElo "2448"]
[BlackElo "2547"]

1.d4 Nf6 2.c4 e6 3.Nf3 b6 4.a3 c5 5.d5 Ba6 6.Qc2 exd5 7.cxd5 g6 8.Nc3 Bg7
9.g3 O-O 10.Bg2 d6 11.O-O Re8 12.Rd1 b5 13.b4 Nbd7 14.bxc5 dxc5 15.Bf4 Qb6
16.Rab1 b4 17.axb4 cxb4 18.Na4 Qa5 19.Nd4 Rac8 20.Nc6 Bb5 21.Nb2 Qa6 22.Ra1 Qb7
23.Rac1 Nb6 24.e4 Nfd7 25.Qb3 Bxb2 26.Qxb2 Bxc6 27.dxc6 Rxc6 28.Qxb4 Rxc1
29.Rxc1 Ne5 30.Qb5 Qd7 31.Qxd7 Nexd7 32.Rc7 a5 33.Bh3 Ne5 34.Ra7 Nec4 35.f3 Ra8
36.Rxa8+ Nxa8 37.Bf1 Nab6 38.Bd3 a4 39.Bb1 a3 40.Ba2 Kg7 41.Kf1 Kf6 42.Ke2 g5
43.Bc1 Kg6 44.f4 gxf4 45.gxf4 Nb2 46.Be3 N6c4 47.Bc5 Kh5 48.Kf3 Kg6 49.Be7 h5
50.h3 f6 51.Kg3 f5 52.e5 Kg7 53.e6 Kg6 54.Bxa3 Kf6 55.e7  1-0

[Event "7th Parsvnath Open"]
[Site "New Delhi IND"]
[Date "2009.01.11"]
[Round "2"]
[White "Dahale,A"]
[Black "Das,Arg"]
[Result "0-1"]
[WhiteElo "2111"]
[BlackElo "2404"]

1.d4 Nf6 2.c4 e6 3.Nf3 b6 4.a3 Bb7 5.Nc3 d5 6.cxd5 Nxd5 7.Qc2 Nxc3 8.bxc3 Be7
9.e4 O-O 10.Bd3 c5 11.O-O Qc7 12.Qe2 Nd7 13.e5 Rfd8 14.Bb2 Nf8 15.Nd2 cxd4
16.cxd4 f5 17.exf6 Bxf6 18.Nf3 Qd6 19.Rad1 Qd5 20.Rfe1 Rac8 21.Qe3 Kh8 22.Rc1 Qa2
23.Qe2 Bxf3 24.gxf3 Rxc1 25.Bxc1 Qxe2 26.Bxe2 Rxd4 27.Bb5 Kg8 28.a4 a6 29.Be8 Rd8
30.Bc6 Bc3 31.Rf1 Rd4 32.Be3 Rc4 33.Be4 Bd4 34.Bxd4 Rxd4 35.Rb1 Rd6 36.Rc1 Nd7
37.Rc8+ Kf7 38.Ra8 Nc5 39.Bxh7 g6 40.Bg8+ Kf6 41.h4 a5 42.h5 gxh5 43.Bh7 Nxa4
44.Rf8+ Kg7 45.Rf4 Nc5 46.Bc2 b5 47.Rh4 Kh6  0-1

[Event "Queenstown Classic"]
[Site "Queenstown NZL"]
[Date "2009.01.16"]
[Round "2"]
[White "Mitchell,R"]
[Black "Voon,R"]
[Result "0-1"]
[WhiteElo "1719"]
[BlackElo "1976"]

1.d4 Nf6 2.c4 e6 3.Nf3 b6 4.a3 Bb7 5.Nc3 d5 6.e3 Nbd7 7.Bd3 c5 8.O-O Be7
9.Re1 O-O 10.cxd5 exd5 11.Qc2 Re8 12.Bd2 a6 13.Rac1 g6 14.Qb1 Bf8 15.Qa2 c4
16.Bc2 b5 17.Qb1 Ne4 18.Re2 Nxc3 19.Bxc3 a5 20.b4 a4 21.Rce1 f5 22.Ne5 Bg7
23.f4 Bxe5 24.dxe5 Nf8 25.Rd1 Ne6 26.g3 Re7 27.Red2 Rd7 28.Qb2 Qb6 29.Bd4 Qc6
30.Qc3 Rf8 31.Rf1 Rg7 32.Bd1 g5 33.Rg2 g4 34.Bc2 h5 35.Kf2 Qc7 36.Ke1 Qe7
37.Rgg1 h4 38.Rh1 Rh7 39.Kf2 Rh5 40.Kg2 Kf7 41.Bd1 Rg8 42.Bc2 Rgh8 43.Qe1 Ke8
44.gxh4 Rf8 45.Qg3 Rxh4 46.Kf2 Rh3 47.Qg2 Qh4+ 48.Ke2 Qh5 49.Kd2 Rh8 50.Kc3 Rh7
51.Kd2 Nf8 52.Bd1 Ng6 53.Rfg1 Rxh2 54.Rxh2 Qxh2 55.Be2 Qxg2 56.Rxg2 Rh1 57.Rg3 Rh2
58.Ke1 Bc8 59.Kf1 Nh4 60.Bc3 Rh1+ 61.Rg1 Rh2 62.Rg3 Be6 63.Bd4 Kf7 64.Bc5 Ng6
65.Rg2 Rh3 66.Kf2 Nh4 67.Rg3 Rh1 68.Bd4 Bd7 69.Rg1 Rh2+ 70.Kf1 Kg6 71.Bc3 Kf7
72.Rg3 Bc6 73.Bd4 Ke6 74.Rg1 Be8 75.Bc3 d4 76.Bxd4 Bc6 77.Ke1 Bf3 78.Bf1 Ra2
79.Rg3 Rxa3 80.Be2 Ra2 81.Bxf3 Nxf3+ 82.Kd1 Rh2 83.Kc1 Ne1 84.Kd1 Nd3 85.Bc3 a3
86.e4 Nxf4 87.exf5+ Kxf5 88.Re3 Rh3 89.Kd2 Rxe3 90.Kxe3 Nd3 91.Ke2 a2 92.Kf1 Nxb4  0-1

[Event "Queenstown Classic"]
[Site "Queenstown NZL"]
[Date "2009.01.21"]
[Round "7"]
[White "Baider,D"]
[Black "Nyberg,M"]
[Result "1-0"]
[WhiteElo "2125"]
[BlackElo "1969"]

1.d4 Nf6 2.Nf3 e6 3.c4 b6 4.a3 Ba6 5.Qc2 c5 6.e4 Bb7 7.Nc3 cxd4 8.Nxd4 Nc6
9.Nxc6 Bxc6 10.Be2 Qc7 11.O-O Bc5 12.Bg5 Qe5 13.Bxf6 gxf6 14.Kh1 Qg5 15.f4 Qh4
16.Qd2 Bf2 17.Bg4 Bc5 18.Bf3 Rg8 19.b4 Bf8 20.Rad1 Bh6 21.Ne2 Ba4 22.g3 Rxg3
23.Nxg3 Bxf4 24.Qg2 Bxd1 25.Rxd1 Ke7 26.Qf2 Qh6 27.e5 Rg8 28.exf6+ Ke8 29.Qd4 d6
30.Nh5 Be5 31.Qxe5  1-0

[Event "68th ch-GEO"]
[Site "Tbilisi GEO"]
[Date "2009.01.21"]
[Round "5"]
[White "Sanikidze,T"]
[Black "Bagaturov,G"]
[Result "1-0"]
[WhiteElo "2522"]
[BlackElo "2492"]

1.d4 Nf6 2.c4 e6 3.Nf3 b6 4.a3 Bb7 5.Nc3 d5 6.cxd5 exd5 7.Qc2 Be7 8.Bf4 c6
9.e3 O-O 10.Bd3 c5 11.O-O c4 12.Bf5 g6 13.Bh3 a6 14.Ne5 b5 15.Bh6 Re8 16.f4 Nfd7
17.f5 Nxe5 18.dxe5 Bg5 19.fxg6 fxg6 20.Bxg5 Qxg5 21.Qf2 Kh8 22.Qf7 Qe7 23.Rad1 Bc6
24.Nxd5 Bxd5 25.Qxd5 Ra7 26.Rf6 Qg7 27.Rdf1 Rae7 28.Qd6 Qh6 29.R1f3 Qh4 30.Kf1 Rxe5
31.Be6  1-0

[Event "68th ch-GEO"]
[Site "Tbilisi GEO"]
[Date "2009.01.22"]
[Round "6"]
[White "Nigalidze,G"]
[Black "Bagaturov,G"]
[Result "1/2-1/2"]
[WhiteElo "2458"]
[BlackElo "2492"]

1.d4 Nf6 2.c4 e6 3.Nf3 b6 4.a3 Bb7 5.Nc3 d5 6.cxd5 Nxd5 7.Qc2 Nxc3 8.bxc3 Nd7
9.e4 c5 10.Bd3 Qc7 11.Qb1 g6 12.O-O Bg7 13.h4 O-O 14.h5 Rac8 15.a4 Rfe8 16.e5 cxd4
17.cxd4 Bxf3 18.gxf3 Nxe5 19.dxe5 Qxe5 20.Ra3 Qxh5 21.Kg2 Bh6 22.Bxh6 Qxh6
23.Qb4 Rc5 24.f4 Rh5 25.Qe4 Rh2+ 26.Kg1 Rh4 27.Bb5 Rd8 28.Rg3 Rxf4 29.Qe5 Rf5
30.Qc7 Qh4 31.Be2 Rd4 32.Qxa7 Rxa4 33.Qb8+ Kg7 34.Qxb6 Raf4 35.Qb2+ e5 36.Qc3 Qf6
37.Qc5 h5 38.Rg2 Rg5 39.Qd5 Rxg2+ 40.Qxg2 Rf5 41.Kh1 Qh4+ 42.Qh2 Qd4 43.Qg2 Kh6
44.Bd1 Qc4 45.Qh3 Kg7 46.Kg2 Rf4 47.Qe3 Qc6+ 48.Bf3 Qf6 49.Re1 Rf5  1/2-1/2

[Event "Queenstown Classic"]
[Site "Queenstown NZL"]
[Date "2009.01.24"]
[Round "10"]
[White "Lukey,S"]
[Black "Milligan,H"]
[Result "1-0"]
[WhiteElo "2247"]
[BlackElo "1976"]

1.d4 Nf6 2.c4 e6 3.Nf3 b6 4.a3 Bb7 5.Nc3 d5 6.cxd5 Nxd5 7.Qc2 Nxc3 8.bxc3 Be7
9.e4 Nd7 10.Bd3 O-O 11.O-O c5 12.Re1 Rc8 13.Qe2 Qc7 14.h4 e5 15.h5 Rfd8 16.h6 g6
17.Bb5 Bc6 18.Bc4 b5 19.Bg5 Qd6 20.dxe5 Nxe5 21.Rad1 Qc7 22.Nxe5 Qxe5 23.Bxe7 Rxd1
24.Rxd1 Qxe7 25.Bxb5 Qxe4 26.Qxe4 Bxe4 27.Rd7 g5 28.Bc4 Kf8 29.Rxf7+ Ke8
30.f3 Bg6 31.Rg7 Rd8 32.Rxg6  1-0

[Event "68th ch-GEO"]
[Site "Tbilisi GEO"]
[Date "2009.01.28"]
[Round "11"]
[White "Bagaturov,G"]
[Black "Mchedlishvili,M"]
[Result "1/2-1/2"]
[WhiteElo "2492"]
[BlackElo "2619"]

1.d4 Nf6 2.c4 e6 3.Nf3 b6 4.a3 Bb7 5.Nc3 d5 6.cxd5 Nxd5 7.Qc2 Nxc3 8.Qxc3 h6
9.Bf4 Bd6 10.Bxd6 cxd6 11.e3 Nd7 12.Be2 O-O  1/2-1/2

[Event "7th Gibtelecom Masters"]
[Site "Caleta ENG"]
[Date "2009.01.29"]
[Round "3"]
[White "Suez Panama,G"]
[Black "Spence,D"]
[Result "0-1"]
[WhiteElo "2033"]
[BlackElo "2223"]

1.d4 e6 2.Nf3 Nf6 3.c4 b6 4.a3 Bb7 5.Nc3 d5 6.cxd5 Nxd5 7.e3 Nd7 8.Bd3 c5
9.O-O cxd4 10.Nxd4 Nxc3 11.bxc3 a6 12.Nxe6 fxe6 13.Qh5+ Ke7 14.a4 Nf6 15.Ba3+ Kd7
16.Qf7+ Kc8 17.Qxe6+ Qd7 18.Qxb6 Bxa3 19.Rxa3 Qxd3 20.Qc5+ Kd7 21.c4 Qd6
22.Qf5+ Ke7 23.Rb3 Bc8 24.Qg5 Kf7 25.e4 Re8 26.Rg3 g6 27.Rf3 Kg7 28.c5 Qe5
29.Qxe5 Rxe5 30.Rc1 Ra7 31.Rb3 Rxe4  0-1

[Event "68th ch-GEO"]
[Site "Tbilisi GEO"]
[Date "2009.01.30"]
[Round "13"]
[White "Sanikidze,T"]
[Black "Charkhalashvili,I"]
[Result "1/2-1/2"]
[WhiteElo "2522"]
[BlackElo "2337"]

1.d4 Nf6 2.c4 e6 3.Nf3 b6 4.a3 Bb7 5.Nc3 d5 6.cxd5 exd5 7.Qc2 c6 8.Bg5 Be7
9.e3 O-O 10.Bd3 Nbd7 11.O-O h6 12.Bf4 Rc8 13.Bf5 Re8 14.Rad1 Bf8 15.Ne5 Ra8
16.h3 Qe7 17.Rfe1  1/2-1/2

[Event "7th Gibtelecom Masters"]
[Site "Caleta ENG"]
[Date "2009.02.03"]
[Round "8"]
[White "Skage,O"]
[Black "Miedema,R"]
[Result "0-1"]
[WhiteElo "1925"]
[BlackElo "2325"]

1.d4 e6 2.c4 Nf6 3.Nf3 b6 4.a3 Ba6 5.Qc2 Bb7 6.Bg5 c5 7.Nbd2 cxd4 8.Nxd4 Be7
9.e4 d6 10.Be2 O-O 11.O-O Nbd7 12.Rfe1 a6 13.f4 b5 14.Bh4 bxc4 15.Bxc4 Qb6
16.h3 Nxe4 17.Bxe7 Qxd4+ 18.Kh2 Nxd2  0-1